Sports Quiz

Random Sports or NBA Quiz

Athletes of the 1970s Quiz Stats

 Plays Quiz Updated Oct 2, 2017

Challenge
Share
Tweet
Score 0/30 Timer 10:00
13 Plays Today
Hint Answer % Correct
Pete Rose
81.4%
Kareem Abdul-Jabbar
81.3%
FootballTerry Bradshaw
77.2%
BasketballJulius Erving
76.9%
Bill Walton
74.7%
Billie Jean King
73.2%
BaseballNolan Ryan
70%
Walter Payton
65.1%
TennisBjörn Borg
62.6%
Willie Stargell
59.6%
Bobby Orr
58.7%
Jimmy Connors
58.4%
Fran Tarkenton
58.3%
Joe Morgan
56.7%
Earl Campbell
56.1%
Hint Answer % Correct
Jim Palmer
53.8%
Larry Csonka
49.8%
Joe Greene
49.6%
Wes Unseld
49.6%
Catfish Hunter
44.9%
Dave Cowens
35.9%
Bob McAdoo
31.4%
Tony Esposito
28.8%
Bobby Clarke
27.9%
Guy Lafleur
24.3%
Evonne Goolagong
23.5%
Bryan Trottier
19.9%
HockeyKen Dryden
14.6%
Virginia Wade
14.2%
Guillermo Vilas
11.4%

You're not logged in!

Compare scores with friends on all Sporcle quizzes.
OR
Log In

You Might Also Like...

Show Comments

Extras

Top Quizzes Today


Score Distribution

Your Account Isn't Verified!

In order to create a playlist on Sporcle, you need to verify the email address you used during registration. Go to your Sporcle Settings to finish the process.

Report this User

Report this user for behavior that violates our Community Guidelines.

Details: